Zypern-Quiz - Statistiken

Allgemein
  • Dieses Quiz wurde 1.692 mal gespielt
  • Das Durchschnittsergebnis liegt bei 12 aus 20
Antwortstatistiken
Frage Antwort % Korrekt
Kontinente, die Zypern geografisch am nächsten liegen Asien
99%
Kontinente, die Zypern geografisch am nächsten liegen Afrika
97%
Amtssprachen Türkisch
95%
Amtssprachen Griechisch
93%
Hauptstadt von Zypern Nikosia
89%
Zypern ist die drittgrößte Insel des Mittelmeers. Welche Inseln sind größer? Sizilien
81%
Zypern ist die drittgrößte Insel des Mittelmeers. Welche Inseln sind größer? Sardinien
77%
Großreich, das die Insel 1570 n. Chr. eroberte Osmanisches Reich
73%
Christliche Glaubensrichtung, der 78% der Bevölkerung angehören Griechisch-orthodox
71%
Großreich, das die Insel von 58 v. Chr. bis zu den Kreuzzügen besetzte Römisches Reich / Byzantinisches Reich
65%
Land, das auf der Insel die Militärbasen Akrotiri und Dhekelia besitzt Vereinigtes Königreich
65%
Er eroberte 333 v. Chr. die Insel Alexander der Große
61%
Nicht anerkannte Republik, die 1974 nach der türkischen Invasion errichtet wurde und den Norden der Insel kontrolliert Nordzypern
59%
Göttin, die gemäß Legende dem Meeresschaum an der Küste Zyperns entstieg Aphrodite
44%
Englischer König, der die Insel 1191 n. Chr. kurz eroberte Richard Löwenherz
31%
Weißes Gemüse der Gattung Brassica, das angeblich aus Zypern kommt Blumenkohl
24%
Shakespeare-Tragödie über einen maurischen Feldherrn, die sich hauptsächlich in Zypern abspielt Othello
19%
Name der UN-Pufferzone, die den Norden vom Süden der Insel trennt {Grüne} Linie
17%
Höchster Berg auf Zypern (1952 m) Olympos
17%
Bischof und erster Präsident von Zypern, 1960-1977 Makarios III
10%
Keine übereinstimmenden Quizze gefunden
Verteilung der Resultate
Anzahl Personen mit jedem Resultat
Perzentil nach korrekt beantworteten Fragen
Ihre Resultats-Entwicklung
Sie haben dieses Quiz noch nicht gespielt